000 00527cam a22002174a 4500
005 20250605164312.0
008 250528s ||||||||||||||||||||||||d
035 _a22556
020 _a9780582214293
040 _aGR-AtMCL
_bgre
_dGR-AtMCL
_eAACR2
245 1 _aAN INTRODUCTION TO MODERN ECONOMICS
250 _a4
260 _bLongman,
_c1994
300 _a632
700 1 _aHardwick Philip
_93334
700 1 _aKhan Bahadur
_93335
700 1 _aLangmead John
_93336
942 _cBK
999 _c7604
_d7604